Understanding anesthesia equipment (Record no. 7928)

MARC details
000 -LEADER
fixed length control field 00678nam a22002057a 4500
003 - CONTROL NUMBER IDENTIFIER
control field OSt
005 - DATE AND TIME OF LATEST TRANSACTION
control field 20220802153153.0
008 - FIXED-LENGTH DATA ELEMENTS--GENERAL INFORMATION
fixed length control field 220802b ||||| |||| 00| 0 eng d
020 ## - INTERNATIONAL STANDARD BOOK NUMBER
International Standard Book Number 9789390612536
040 ## - CATALOGING SOURCE
Transcribing agency NLM
082 ## - DEWEY DECIMAL CLASSIFICATION NUMBER
Classification number WO240 D738U 2022
100 ## - MAIN ENTRY--PERSONAL NAME
Personal name Jerry A. Dorsch; Susan E. Dorsch
9 (RLIN) 16113
245 ## - TITLE STATEMENT
Title Understanding anesthesia equipment
260 ## - PUBLICATION, DISTRIBUTION, ETC. (IMPRINT)
Place of publication, distribution, etc. Philadelphia :
Name of publisher, distributor, etc. Wolters Kluwer Health;
Date of publication, distribution, etc. ©2022
300 ## - PHYSICAL DESCRIPTION
Extent xii, 1036 pages :
Other physical details illustrations ;
Dimensions 28 cm
504 ## - BIBLIOGRAPHY, ETC. NOTE
Bibliography, etc Includes bibliographical references and index
650 ## - SUBJECT ADDED ENTRY--TOPICAL TERM
Topical term or geographic name as entry element Anesthesiology -- Apparatus and instruments
9 (RLIN) 16114
650 ## - SUBJECT ADDED ENTRY--TOPICAL TERM
Topical term or geographic name as entry element Anesthesiology -- instrumentation
9 (RLIN) 16115
942 ## - ADDED ENTRY ELEMENTS (KOHA)
Source of classification or shelving scheme Other/Generic Classification Scheme
Koha item type Book
Holdings
Withdrawn status Lost status Source of classification or shelving scheme Damaged status Not for loan Home library Current library Date acquired Source of acquisition Inventory number Total Checkouts Full call number Barcode Date last seen Price effective from Koha item type
    Other/Generic Classification Scheme     MUST Main Library MUST Main Library 02/08/2022 Purchase 22/41949   WO240 D738U 2022 2022-0736 02/08/2022 02/08/2022 Book